|
|
|
|
| LEADER |
01155nam a2200301 a 4500 |
| 001 |
8154 |
| 003 |
BD-DhAAL |
| 005 |
20150818192606.0 |
| 008 |
940512s1993 ii j 000 1 eng |
| 010 |
|
|
|a 94900375
|
| 020 |
|
|
|c Rs95.00
|a 9780143335634
|
| 040 |
|
|
|a DLC
|c DLC
|d DLC
|d BD-DhAAL
|
| 050 |
0 |
0 |
|a PK1718.R3119
|b B313 1993
|
| 082 |
0 |
0 |
|a 891/.4437
|2 20
|
| 100 |
1 |
|
|a Ray, Satyajit,
|d 1921-1992.
|9 13933
|
| 240 |
1 |
0 |
|a Bādaśāhī āṃṭi.
|l English
|
| 245 |
1 |
4 |
|a The emperor's ring :
|b the further adventures of Feluda /
|c Satyajit Ray ; translated from the Bengali by Gopa Majumdar.
|
| 260 |
|
|
|a New Delhi ;
|a New York, N.Y. :
|b Penguin Books,
|c c1993.
|
| 300 |
|
|
|a 105 p. ;
|c 18 cm.
|
| 500 |
|
|
|a Novel.
|
| 500 |
|
|
|a For children.
|
| 541 |
|
|
|e 8154
|
| 650 |
|
0 |
|a Short stories, Bengali
|v Translations into English.
|9 9752
|
| 650 |
|
0 |
|a Children's stories, Bengali
|v Translations into English.
|9 13934
|
| 700 |
1 |
|
|a Majumdar, Gopa.
|9 13935
|
| 942 |
|
|
|2 ddc
|c BK
|
| 999 |
|
|
|c 35281
|d 35281
|
| 952 |
|
|
|0 0
|1 0
|2 ddc
|4 0
|6 891_443700000000000_RAY
|7 0
|9 55370
|a SCL
|b SCL
|c GEN
|d 2015-08-18
|g 198.00
|l 11
|m 41
|o 891.4437 RAY
|p 3020008154
|r 2020-03-10
|s 2020-01-16
|t 1
|w 2015-08-18
|y BK
|